Jóvenes con baja cualificación : investigación y formación para su transición al mercado laboral : Proyecto Jean Piaget /

En este libro se recogen las experiencias del Proyecto Jean Piaget, llevado a cabo por la Junta de Comunidades de Castilla-La Mancha y la Universidad de Alcalá de Henares. Este programa buscaba propiciar la inserción en el mercado laboral de jóvenes entre 16 y 20 años; la premisa de partida fue que...

Descrición completa

Gardado en:
Detalles Bibliográficos
Autor Principal: Bosch Font, Francisco (coord.)
Outros autores: Hervás Gómez, Antonio (coordinación) (coordinación)
Formato: Libro
Idioma:Lingua castelá
Publicado: Alcalá de Henares, España : Universidad de Alcalá, 1999, c1999
Series:(Aula Abierta Universidad de Alcalá ; 12)
Temas:
Etiquetas: Engadir etiqueta
Sen Etiquetas, Sexa o primeiro en etiquetar este rexistro!

MARC

LEADER 00000nam^a2200000^a^4500
001 000111483
005 20250521000000.0
009 20260310093833.447
022 |a 8138356-2 
037 |a Acervo ITESO - Biblioteca 
041 |a ESP 
082 |a 331. 3459  |b BOS 
100 |a Bosch Font, Francisco  |e (coord.) 
245 1 0 |a Jóvenes con baja cualificación :  |b investigación y formación para su transición al mercado laboral : Proyecto Jean Piaget /  |c Coord. de F. Bosch Font, A. Hervás Gómez. 
264 4 |a Alcalá de Henares, España :  |b Universidad de Alcalá,  |c 1999, c1999 
300 |a 397 p. 
336 |a texto  |b txt  |2 rdacontenido 
337 |a sin mediación  |b n  |2 rdamedio 
338 |a volumen  |b nc  |2 rdasoporte 
440 1 |a (Aula Abierta Universidad de Alcalá ;  |v 12) 
520 |a En este libro se recogen las experiencias del Proyecto Jean Piaget, llevado a cabo por la Junta de Comunidades de Castilla-La Mancha y la Universidad de Alcalá de Henares. Este programa buscaba propiciar la inserción en el mercado laboral de jóvenes entre 16 y 20 años; la premisa de partida fue que su desempleo se debe a que los empleadores prefieren a la gente mas cualificada o con mayor experiencia. Por tanto, se considera que brindarles formación adicional a estos jóvenes mejorará sus posibilidades de empleo a corto plazo. 
649 |a XX 
650 |a Jóvenes Españoles -  |x Condiciones Laborales 
650 |a Empleo y Desempleo -  |z España 
650 |a Formación y Capacitación Laboral 
650 |a Recursos Humanos 
650 |a Administración 
650 |a Economía -  |z España -  |x Historia -  |y Siglo XX 
700 |a Hervás Gómez, Antonio  |e (coordinación) 
910 |a Fondo General 
920 |a Impresos - Libros 
930 |a Colección General 
905 |a 101 
901 |a 0500047552  |b IT1  |c ACC  |u 20250521 
902 |a https://opac.biblio.iteso.mx/vufind/Record/000111483